Investovanie do nehnuteľností v Slovenskej republike diplomová práca

Gespeichert in:
Bibliographische Detailangaben
1. Verfasser: Banášová, Zuzana
Körperschaft: Národohospodárska fakulta EU. Katedra bankovníctva a medzinárodných financií
Weitere Verfasser: Šturc, Boris, 1961-
Format: Buch
Sprache:Slowakisch
Veröffentlicht: Bratislava 2016
Tags: Tag hinzufügen
Keine Tags, Fügen Sie das erste Tag hinzu!

MARC

LEADER 00000nbm a2200000 4500
001 0217822
005 20170526110507.4
041 0 |a slo 
044 |a SK 
245 1 0 |a Investovanie do nehnuteľností v Slovenskej republike  |b diplomová práca  |c Zuzana Banášová ; školiteľ: Boris Šturc 
264 1 |a Bratislava  |c 2016 
300 |a 88 s. 
100 1 |a Banášová, Zuzana 
700 1 |a Šturc, Boris, 1961- 
710 2 |a Národohospodárska fakulta EU. Katedra bankovníctva a medzinárodných financií